000 00407nam a2200169Ia 4500
008 230524s9999 xx 000 0 und d
020 _a9780070599529
082 _a415
_bRIZ
100 _aM Ashraf Rizvi
245 0 _aEffective Technical Communication
250 _a1ST
260 _aNEW DELHI
_bMGH
_c2008
300 _aXXII;528
500 _aQuantity Number: 200
650 _aEnglish
942 _cBK
999 _c39808
_d39808